Experimental and statistical studies of the effect of pressing time on the swelling and mechanical properties of the radial tyre tread compound (Record no. 75258)

MARC details
000 -LEADER
fixed length control field 00707nam a22002177a 4500
100 ## - MAIN ENTRY--AUTHOR NAME
Personal name Khorshidzade, K.
245 ## - TITLE STATEMENT
Title Experimental and statistical studies of the effect of pressing time on the swelling and mechanical properties of the radial tyre tread compound
260 ## - PUBLICATION, DISTRIBUTION, ETC. (IMPRINT)
Name of publisher Journal of Rubber Research, 26(5): 2023. 345-361.
300 ## - PHYSICAL DESCRIPTION
Other physical details November
650 ## - SUBJECT ADDED ENTRY--TOPICAL TERM
Topical Term Tyre tread
650 ## - SUBJECT ADDED ENTRY--TOPICAL TERM
Topical Term Pressing time
650 ## - SUBJECT ADDED ENTRY--TOPICAL TERM
Topical Term Swelling test
650 ## - SUBJECT ADDED ENTRY--TOPICAL TERM
Topical Term Crosslinking density
650 ## - SUBJECT ADDED ENTRY--TOPICAL TERM
Topical Term Diffusion coefficient
700 ## - ADDED ENTRY--PERSONAL NAME
Personal name Motlagh, N.V.
700 ## - ADDED ENTRY--PERSONAL NAME
Personal name Brooghani, S.Y.A.
700 ## - ADDED ENTRY--PERSONAL NAME
Personal name Nikakhtar, A.
700 ## - ADDED ENTRY--PERSONAL NAME
Personal name Yaserinezhad, M.A
856 ## - ELECTRONIC LOCATION AND ACCESS
Uniform Resource Identifier https://doi.org/10.1007/s42464-023-00214-6
942 ## - ADDED ENTRY ELEMENTS (KOHA)
Koha item type Journals
Holdings
Withdrawn status Lost status Damaged status Not for loan Home library Current library Date acquired Koha item type
        RRII Library RRII Library 14/05/2024 Journals